|
|
|
|
| LEADER |
01403nam a2200445 4500 |
| 001 |
DLU090078802 |
| 005 |
##20090608 |
| 040 |
# |
# |
|a DLU
|b eng
|
| 041 |
# |
# |
|a eng
|
| 044 |
# |
# |
|a UK
|
| 245 |
# |
# |
|a Identification, measurement and interpretation of tree rings in woody species from Mediterranean climates /
|c Paolo Cherubini, Barbara L. Gartner, Roberto Tognetti, Otto U. Braker, Werner Schoch, John L. Innes.
|
| 653 |
# |
# |
|a Arbutus unedo
|
| 653 |
# |
# |
|a Dendrochronology
|
| 653 |
# |
# |
|a Dendroecology
|
| 653 |
# |
# |
|a Ecophysiology
|
| 653 |
# |
# |
|a Fraxinus ornus
|
| 653 |
# |
# |
|a Mediterranean climate
|
| 653 |
# |
# |
|a Mediterranean tree rings
|
| 653 |
# |
# |
|a Mediterranean vegetation
|
| 653 |
# |
# |
|a Phenology
|
| 653 |
# |
# |
|a Quercus cerris
|
| 653 |
# |
# |
|a Quercus ilex
|
| 653 |
# |
# |
|a Quercus pubescens
|
| 653 |
# |
# |
|a Wood anatomy
|
| 700 |
# |
# |
|a Braker, Otto U.
|
| 700 |
# |
# |
|a Cherubini, Paolo.
|
| 700 |
# |
# |
|a Gartner, Barbara L.
|
| 700 |
# |
# |
|a Innes, John L.
|
| 700 |
# |
# |
|a Schoch, Werner.
|
| 700 |
# |
# |
|a Tognetti, Roberto.
|
| 773 |
# |
# |
|t Biological Reviews
|g Vol. 78, no. 1 (February 2003), p. 119-148
|
| 920 |
# |
# |
|a Phòng Tạp chí -- Trung tâm Thông tin - Thư viện Trường Đại học Đà Lạt
|
| 994 |
# |
# |
|a DLU
|
| 900 |
# |
# |
|a True
|
| 911 |
# |
# |
|a Trương Bảo Trâm Anh
|
| 925 |
# |
# |
|a G
|
| 926 |
# |
# |
|a A
|
| 927 |
# |
# |
|a BB
|
| 980 |
# |
# |
|a Thư viện Trường Đại học Đà Lạt
|